| 000 | 00603nam a2200205 4500 | ||
|---|---|---|---|
| 003 | OSt | ||
| 005 | 20240613013409.0 | ||
| 006 | a | ||
| 008 | 240613b |||||||| |||| 00| 0 eng d | ||
| 020 | _a9718510926 | ||
| 040 |
_aDWCL-Main lib. _cOC |
||
| 082 | _aFil. 624.12 B554s 2011 | ||
| 100 | _aBesavilla, Venancio I. | ||
| 245 | _aStructural engineering and construction, vol. 3 / | ||
| 260 |
_aCebu City, Phils : _bVIB Publisher, _cc2011. |
||
| 300 |
_b685 p. : ill. ; _c22 cm. |
||
| 650 | _a1. Structural engineering–Reviewer. | ||
| 700 | _aVenancio I. Besavilla | ||
| 942 |
_2ddc _n0 _cBK - FIL _kFil. |
||
| 999 |
_c585 _d585 |
||